| 000 | 00616nam a2200205Ia 4500 | ||
|---|---|---|---|
| 003 | GCL | ||
| 008 | 140319s9999 xx 000 0 ara d | ||
| 040 |
_aGCL / _cGCL |
||
| 082 | 0 | 4 |
_a327.561 _bف ت |
| 100 | 1 | _aفيليب روبنس | |
| 245 | 1 | 0 |
_aتركيا والشرق الاوسط / _cفيليب روبنس |
| 700 | 1 | _aميخائيل نجم خورى (مترجم) | |
| 260 |
_a[S.N] : _bمكتبة مدبولى |
||
| 490 | _a | ||
| 650 | 0 | 4 | _aالشرق الاوسط |
| 650 | 0 | 4 | _aالعلاقات الدولية |
| 650 | 0 | 4 | _aتركيا |
| 650 | 0 | 4 | _aالعلاقات السياسية |
| 942 |
_2ddc _cBK |
||
| 999 |
_c42761 _d42761 |
||